000 00414nam a2200181Ia 4500
001 10497
005 20260306161836.0
008 260306t2007||||xx |||||||||||||| ||spa||
041 _aESP
082 _a938
_bV63
100 _aVidal-Naquet, Pierre
_eAUT
245 0 _aEl mundo de Homero
260 _c2007
300 _a115 páginas :
_c21 cm.
650 _aGEN
654 _aCHU
942 _cLIB
_dJUS
_fJUS
_2ddc
_n
999 _c10497
_d10497